Largest Cities in Abruzzo - Statistics

General Stats
  • This quiz has been taken 38 times
  • The average score is 13 of 20
Answer Stats
Population City % Correct
121,014 Pescara
100%
69,753 L'Aquila
93%
54,892 Teramo
90%
51,815 Chieti
87%
41,087 Vasto
80%
42,515 Avezzano
77%
53,738 Montesilvano
77%
24,557 Sulmona
77%
25,422 Francavilla al Mare
67%
24,050 Giulianova
67%
35,444 Lanciano
67%
23,446 Ortona
67%
25,537 Roseto degli Abruzzi
67%
14,904 Pineto
60%
20,016 San Salvo
57%
15,626 Silvi
57%
16,033 Martinsicuro
40%
19,366 Spoltore
40%
14,969 Citta Sant'Angelo
37%
14,100 San Giovanni Teatino
30%
No matching quizzes found
Score Distribution
Percent of People with Each Score
Percentile by Number Answered
Your Score History
You have not taken this quiz